| 000 | 01842nam a2200409Ia 4500 | ||
|---|---|---|---|
| 001 | ebr10091941 | ||
| 003 | CaPaEBR | ||
| 006 | m u | ||
| 007 | cr cn||||||||| | ||
| 008 | 050106s2005 ohu sb s001 0 eng d | ||
| 010 | _z 05000333 | ||
| 020 | _z080404015X | ||
| 020 | _z0804010749 (alk. paper) | ||
| 020 | _z0804010757 (pbk. : alk. paper) | ||
| 040 |
_aCaPaEBR _cCaPaEBR |
||
| 035 | _a(OCoLC)84691740 | ||
| 050 | 1 | 4 |
_aHM1281 _b.R53 2005eb |
| 082 | 0 | 4 |
_a303.6/1 _222 |
| 100 | 1 | _aRichards, David A. J. | |
| 245 | 1 | 0 |
_aDisarming manhood _h[electronic resource] : _broots of ethical resistance / _cDavid A. J. Richards. |
| 260 |
_aAthens, Ohio : _bSwallow Press, _cc2005. |
||
| 300 | _axii, 271 p. | ||
| 504 | _aIncludes bibliographical references (p. 253-263) and index. | ||
| 505 | 0 | _aIntroduction : ethical voice and resistance -- Ch. 1. Garrison and antebellum radical abolitionism : political theory and psychology -- Ch. 2. Tolstoy on nonviolence -- Ch. 3. Gandhi on nonviolence -- Ch. 4. King on nonviolence -- Ch. 5. Churchill's resisting voice -- Ch. 6. Disarming manhood. | |
| 533 |
_aElectronic reproduction. _bPalo Alto, Calif. : _cebrary, _d2011. _nAvailable via World Wide Web. _nAccess may be limited to ebrary affiliated libraries. |
||
| 600 | 1 | 0 |
_aTolstoy, Leo, _cgraf, _d1828-1910. |
| 600 | 1 | 0 |
_aGarrison, William Lloyd, _d1805-1879. |
| 600 | 1 | 0 |
_aGandhi, _cMahatma, _d1869-1948. |
| 600 | 1 | 0 |
_aKing, Martin Luther, _cJr., _d1929-1968. |
| 600 | 1 | 0 |
_aChurchill, Winston, _d1874-1965. |
| 650 | 0 |
_aPassive resistance _vCase studies. |
|
| 650 | 0 | _aFeminist theory. | |
| 650 | 0 | _aViolence in men. | |
| 655 | 7 |
_aElectronic books. _2local |
|
| 710 | 2 | _aebrary, Inc. | |
| 856 | 4 | 0 |
_uhttp://site.ebrary.com/lib/rucke/Doc?id=10091941 _zAn electronic book accessible through the World Wide Web; click to view |
| 999 |
_c52673 _d52673 |
||